Every 100,000+ City in Hungary in Order - Statistics

General Stats
  • This quiz has been taken 56 times
    11 since last reset
  • The average score is 5 of 17
Answer Stats
Letter Population City % Correct
B 3,206,750 Budapest
100%
D 330,592 Debrecen
100%
M 306,781 Miskolc
60%
G 250,289 Győr
50%
S 241,036 Szeged
50%
P 261,147 Pécs
30%
K 190,073 Kecskemét
20%
N 239,551 Nyíregyháza
20%
E 120,594 Érd
10%
S 101,149 Sopron
10%
S 274,505 Székesfehérvár
10%
S 119,342 Szolnok
10%
S 147,920 Szombathely
10%
T-T 126,110 Tata-Tatabánya
10%
G 105,471 Gödöllő
0%
K 113,430 Kaposvár
0%
V 135,009 Veszprém
0%
No matching quizzes found
Score Distribution
Percent of People with Each Score
Percentile by Number Answered
Your Score History
You have not taken this quiz since the last reset